| 000 | 01193cam a22002891i 4500 | ||
|---|---|---|---|
| 003 | SA-RiAUC | ||
| 005 | 20241014065522.0 | ||
| 008 | 241013s2011 su g 000 0 ara c | ||
| 020 | _a9960746151 | ||
| 040 |
_aSA-MAUQU _bara _cSA-RiAUC _erda |
||
| 082 | 0 | 4 |
_a081 _qSA-RiAUC |
| 090 |
_a081 _bس ر ح |
||
| 100 | 1 |
_aسرحان، عبد العزيز أحمد _eمؤلف. |
|
| 245 | 1 | 0 |
_aإعارة خارج الوطن : _bرحلات وقصص دعوية / _cعبد العزيز بن أحمد سرحان. |
| 246 | 3 | 0 | _aرحلات وقصص دعوية |
| 250 | _aالطبعة الثانية، مزيدة ومنقحة. | ||
| 264 | 1 |
_aمكة المكرمة : _bشركة مكة للطباعة، _c2011 |
|
| 300 |
_a546 صفحة ؛ _c24 سم |
||
| 336 |
_aنص _btxt _2rdacontent _3كتاب |
||
| 337 |
_aبدون وسيط _bn _2rdamedia |
||
| 338 |
_aمجلد _bnc _2rdacarrier |
||
| 650 | 7 |
_aالمقالات العربية _zالسعودية _yقرن 15 هجري _2aucsh |
|
| 650 | 7 |
_aالإسلام _vمقالات ومحاضرات _2aucsh |
|
| 650 | 7 |
_aالدعوة الإسلامية _vمقالات ومحاضرات _2aucsh |
|
| 942 |
_2ddc _cBOOK _n0 |
||
| 949 |
_aSA-JeALM _d241013 _umohamedma123 _n1 |
||
| 999 |
_c1282 _d1282 |
||